European History True or False? - Statistics

General Stats
  • This quiz has been taken 195 times
  • The average score is 11 of 15
Answer Stats
Question Answer % Correct
Thor was the Norse god of thunder True
98%
Adolf Hitler was born in Austria True
96%
The Hundred Years' War lasted for 100 years to the day False
94%
Karl Marx wrote the Communist Manifesto True
91%
Roman mythology was heavily based off Greek mythology True
89%
Christopher Columbus was born in Spain False
85%
Veni, Vidi, Vici (I came, I saw, I conquered) is a famous quote attributed to Napoleon False
83%
Hannibal lead African elephants through the Alps True
81%
Oliver Cromwell ultimately led his forces to victory in the Wars of the Roses False
79%
Charlemagne was the first king of Prussia False
77%
Josip Broz Tito fought in World War II True
66%
The Holy Roman Empire was a direct successor state of the Roman Empire False
64%
Sparta was never conquered by Alexander the Great True
60%
Shakespeare wrote a play about King Henry VIII True
57%
Switzerland hasn't been in a war for over 400 years False
13%
No matching quizzes found
Score Distribution
Percent of People with Each Score
Percentile by Number Answered
Your Score History
You have not taken this quiz